• 首页
  • 本馆介绍
  • 公告通知
  • 最新文献
  • 馆藏检索
  • 电子资源
  • 读者导购
  • 参考咨询
  • 我的图书馆
  • 登录
  • 详细信息显示
  • 放入我的书架
  • 预约/预借图书
  • 作者相关作品
  • 分类相关作品
  • 丛书相关作品
  • 出版社相关作品

书目信息

  • 表格格式
  • 工作单格式
  • 卡片格式
题名:
斯大林哲学思想讨论文集
    
 
作者:
分册:  
出版信息: 北京   社会科学出版社  1982
页数: 531
开本: 20cm
丛书名:
单 册:
中图分类: A74
科图分类:
主题词: 斯大林--生平事迹 , 斯大林--传记
电子资源:
ISBN:
000 00478nam0 2200181 450
001 0735257515
005 20070904094737.51
010    @d1.60
100    @a20070904d km y0chiy0120 ea
101 0  @achi
200 1  @a斯大林哲学思想讨论文集@Asi da lin zhe xue si xiang tao lun wen ji
210    @a北京@c社会科学出版社@d1982
215    @a531@d20cm
606 0  @a斯大林@x生平事迹
606 0  @a斯大林@x传记
690    @aA74@v3
801  0 @aCN@bPFT@c20070904
905    @a213230@dA74@ea6@f1
    
    斯大林哲学思想讨论文集.-北京:社会科学出版社,1982
    531;20cm
    
    
    ISBN :1.60
    
●
相关链接 在E读中查询图书 在五车中查询图书 在当当中查询图书 在豆瓣中查询图书


正题名:斯大林哲学思想讨论文集     索取号:A74/a6         预约/预借

序号 登录号 条形码 馆藏地/架位号 状态 备注
1 7500121   275001212   史法系资料室/ [索取号:A74/a6] 在馆    
2 7505296   275052960   密集书库-史法系/ [索取号:A74/a6] 在馆    
唐山师范学院图书馆 欢迎您!
大连网信软件有限公司© 版权所有